000
00212 a2200097 4500
001
49283
100
_a
Swinnerton
245
_a
Back ground with chorus
260
_a
London
_b
Hutchinson
_c
090
_c
31859
_d
31859
942
_a
NUST-CAE
_c
M
_c
24290
999
_c
284356
_d
284356